000 00502nam a2200169Ia 4500
003 LDD
008 190117s9999 xx 000 0 und d
020 _a8121404231
_c₹50
040 _cLDD
041 _ahi
082 _a8H4.7 कि69208लि
100 _aकिशोर, गिरिराज
245 0 _aलिखने का तर्क
_cगिरिराज किशोर
260 _aनई दिल्ली
_bनेशनल
_c1991
300 _a93प्र.
942 _2ddc
_cH
999 _c155950
_d155950